000 00293nam a22001337a 4500
008 170315b xxu||||| |||| 00| 0 eng d
020 _a0632021837
041 _aeng
080 _23ed
_a591
100 _a7
101 _aSHM
245 _aESSENTIAL REPRODUCTION
_cJOHNSON.M.H
942 _2udc
_cBK
999 _c7790
_d7790